000 00582nam a2200193Ia 4500
005 20260120124548.0
008 008 260114s9999 xx 000 0 eng d
020 _a9781781902547
037 _aEBOOK
040 _aCRL
_beng
_cCRL
041 _aeng
_2eng
084 _qCRL
245 0 _aSocial and Sustainable Enterprise: Changing the Nature of Business
260 _bEmerald Publishing
_c2012
700 _aSarah Underwood
_9907788
856 _uhttps://www.emerald.com/insight/publication/doi/10.1108/S2040-7246(2012)2
942 _cEBOOK
999 _c1499673
_d1499673